Представление документа в формате MARC21

Поле Инд. ПП Название Значение
Тип записи a
Библиографический уровень m
001 Контрольный номер 5f493d8a-be5a-4a8f-9420-30abdb00c7af
005 Дата корректировки 20161209151814.1
008 Кодируемые данные 001205 d
020 a ISBN 5-7260-0414-0 (в пер.)
c Цена, тираж 2.10
040 a Служба первич. каталог. RU-RKP
040 a Служба первич. каталог. НБ ТвГУ
041 0_ a Код языка текста rus
080 a Индекс УДК 344(47+57)(091)"19"
a Индекс УДК 321.64(47+57)Сталин-058.6
084 a Индекс другой классификации/Индекс ББК Х2(2)7
a Индекс другой классификации/Индекс ББК Х629.1-1
090 a Полочн. индекс Х2(2)7
x Авторский знак Р24
245 10 a Заглавие Расправа
b Продолж. заглавия Прокурор. судьбы : [Сборник
c Ответственность Сост. Захаров П. М.]
260 0_ a Место издания Москва
b Издательство Юридическая литература
c Дата издания 1990
300 a Объем 318,[1] с.
c Размеры 21 см
440 _0 a Серия Возвращение к правде
490 _0 v N тома Вып. 4
650 04 a Основная рубрика Прокуратура военная
x Основная подрубрика История
z Географическая подрубрика СССР
650 04 a Основная рубрика Репрессии
y Хронологическая подрубрика 1930-1950 гг.
653 0_ a Ключевые слова Военная прокуратура СССР
a Ключевые слова История прокуратуры
a Ключевые слова Прокуратура СССР
a Ключевые слова Репрессии в СССР
a Ключевые слова Сталинские репрессии
700 1_ a Другие авторы Захаров П. М.
e Роль лиц сост.
852 41 t Порядковый номер экземпляра 1
p Инвентарный номер 614496
852 41 t Порядковый номер экземпляра 1
p Инвентарный номер 614494
954 a Дата поступления на обработку 20010723
999 a Подразделение 2 ч.з.
a Подразделение 2 Фил1